000 00395cam a2200145ua 4500
041 _aeng
_h
082 _a821
_bCHA/WI
100 _aChandra Rajan, .
245 _aWinged words :an anthology of English poems /
_cChandra Rajan.
_hTextual Documents
260 _aMelbourne :
_bMacMillan and Company Limited ,
_c1971.
300 _a126 ; .
504 _a
942 _cBK
999 _c6072
_d6072